000 00809nam a22002657a 4500
003 URS
005 20250828100516.0
008 250408b ||||| |||| 00| 0 eng d
020 _a9789716350425
040 _cURS
050 _aPL6054
_b.M28 2013
100 _912193
_aMalicsi, Jonathan C.
245 _aGrammar ng Filipino
264 _aLungsod Quezon
_bSentro ng Wikang Filipino, Unibersidad ng Pilipinas
_c©2013
300 _a196 pages.,:
_c23 cm.
336 _2rdacontent
_atext
337 _2rdamedia
_aunmediated
338 _2rdacarrier
_avolume
650 0 _95901
_aFilipino language
_vGrammar
_xStudy and teaching
650 0 _9652
_aFilipino language
700 _912194
_aAlonzo, Rosario I.
700 _912195
_aEnriquez, Ma. Althea T.
700 _912196
_aEvasco, Eugene
942 _2lcc
_cF
999 _c85101
_d85099